Textbook of Pediatric Nursing (Record no. 357675)

MARC details
000 -LEADER
fixed length control field 00491nam a22001817a 4500
005 - DATE AND TIME OF LATEST TRANSACTION
control field 20240524164818.0
008 - FIXED-LENGTH DATA ELEMENTS--GENERAL INFORMATION
fixed length control field 240402b |||||||| |||| 00| 0 eng d
020 ## - INTERNATIONAL STANDARD BOOK NUMBER
International Standard Book Number 9781543347678
041 ## - LANGUAGE CODE
Language code of text/sound track or separate title eng
082 ## - DEWEY DECIMAL CLASSIFICATION NUMBER
Classification number 610.73/62
100 ## - MAIN ENTRY--PERSONAL NAME
Author Abothu, Pradeep
245 ## - TITLE STATEMENT
Title Textbook of Pediatric Nursing
Remainder of title Vol.I;Semister -V
260 ## - PUBLICATION, DISTRIBUTION, ETC.
Place of publication, distribution, etc. Jalandhar
Name of publisher, distributor, etc. S.Vikas & Company ( Medical Publishers)
Date of publication, distribution, etc. 2024
300 ## - PHYSICAL DESCRIPTION
Extent 330 p.
365 ## - TRADE PRICE
Price type code Rs
Price amount 475
650 ## - SUBJECT ADDED ENTRY--TOPICAL TERM
Topical term or geographic name entry element Child Health Nursing
942 ## - ADDED ENTRY ELEMENTS (KOHA)
Koha item type Donated Book
Holdings
Withdrawn status Lost status Source of classification or shelving scheme Damaged status Not for loan Home library Current library Date acquired Vendor Net Price Bill number Full call number Barcode Date last seen Actual Price Bill Date Koha item type Original Barcode
    Dewey Decimal Classification     Sitabai Nargundkar College of Nursing Nagpur Sitabai Nargundkar College of Nursing Nagpur 24/05/2024 Donated by Ms. Achal Bankar, Nagpur 475.00 IK#2024-25#00022 618.92/ ABO SNCN-DB-203 24/05/2024 475.00 22/05/2024 Donated Book DB-203